LEADER 01104nam0-2200349---450 001 990009956600403321 005 20230220122544.0 010 $a978-88-7970-659-9 035 $a000995660 100 $a20150422d2014----km-y0itay50------ba 101 0 $aita 102 $aIT 105 $aa---ac--001yy 200 1 $aIn partenza dal regno$eesportazioni e commercio d'arte e d'antichità a Napoli nella prima metà dell'Ottocento$fAndrea Milanese 210 $aFirenze$cEdifir Edizioni Firenze$d2014 215 $a383 p.$cill.$d30 cm 225 1 $a<>voci del museo$v31 610 0 $aOpere d'arte$aCommercio$aRegno di Napoli <1266-1815>$aFonti archivistiche 676 $a709.45731 700 1$aMilanese,$bAndrea$0318282 801 0$aIT$bUNINA$gRICA$2UNIMARC 901 $aBK 912 $a990009956600403321 952 $a03.1412$b09/2015$fDARST 952 $a708 VDM 031$fFLFBC 952 $a708 VDM 031 bis$b2020/344$fFLFBC 952 $aSEZ.NA C 1517$b874/2022$fFARBC 959 $aFARBC 959 $aDARST 959 $aFLFBC 996 $aIn partenza dal regno$9822977 997 $aUNINA LEADER 00969nam a2200277 i 4500 001 991003987649707536 005 20020506111932.0 008 000908s1962 it ||| | ita 035 $ab10583804-39ule_inst 035 $aEXGIL130335$9ExL 040 $aBiblioteca Interfacoltà$bita 082 0 $a808.3 100 1 $aHowe, Irving$0127610 245 10$aPolitica e romanzo /$cIrving Howe ; trad. dall'inglese di Giulio De Angelis 260 $aMilano :$bLerici,$c1962 300 $a267 p. ;$c22 cm. 490 0 $aSaggi [Lerici] ;$v23 500 $aTit. orig.: Politics and the novel 650 4$aRomanzo$ySec. 19.-20. 700 1 $aDe Angelis, Giulio 907 $a.b10583804$b23-02-17$c27-06-02 912 $a991003987649707536 945 $aLE002 It. XVI E 18$g1$i2002000663429$lle002$o-$pE0.00$q-$rl$s- $t0$u0$v0$w0$x0$y.i10667635$z27-06-02 996 $aPolitica e romanzo$9141805 997 $aUNISALENTO 998 $ale002$b01-01-00$cm$da $e-$fita$git $h0$i1